000 00702nam a2200253 4500
001 11482
003 BD-RjUL
005 20211208235131.0
008 140126s1970 nyua b 001 0 eng d
020 _a0471164801
035 _a(BD-RjUL)11531
040 _aDLC
_cDLC
_dDLC
_d(BD-RjUL)
_beng
041 _aeng
082 0 0 _a551.5
_bCOI
100 1 _aCole, Franklyn W.
_935494
245 1 0 _aIntroduction to meteorology /
_c[by] Franklyn W. Cole.
260 _aNew York :
_bJ. Wiley ,
_cc1970
300 _axiv, 388 p. :
_billus. ;
_c23 cm.
504 _aBibliography: p. 378-379. and Index
650 0 _aMeteorology.
_935495
942 _2ddc
_cBK
999 _c11482
_d11482